| 000 | 00833nam a2200217 i 4500 | ||
|---|---|---|---|
| 001 | 138252 | ||
| 003 | ES-MaACL | ||
| 005 | 20230906195530.0 | ||
| 007 | t| | ||
| 008 | 070214s1906 sp |||| |dspa d | ||
| 080 | _a929(100)"18/19":82 | ||
| 100 | 1 |
_aSánchez Torres, Enrique. _9102958 |
|
| 245 | 1 | 0 |
_aNotas críticas, opiniones y diferencias de Schuré, Echegaray, Unamuno, F. Alsina, G. Baquero, M. Bueno, R.F. Valbuena, S. Calderón, Laserna, Cajal, etc. / _cEnrique Sánchez Torres. |
| 260 |
_aMadrid : _b[s. n.], _c1906 ( _fGinés Carrión) |
||
| 300 |
_a62 p. ; _c19 cm. |
||
| 650 | 4 |
_aEscritores españoles- _yS.XIX. _9145488 |
|
| 650 | 4 |
_aEscritores españoles- _yS.XX. _912391 |
|
| 650 | 4 |
_aIntelectuales- _zEspaña- _yS.XIX. _9154348 |
|
| 650 | 4 |
_aIntelectuales- _zEspaña- _yS.XX. _913853 |
|
| 852 |
_aES-MaACL _jT-1341-F-5 |
||
| 999 |
_c138252 _d138252 |
||